Normal view
MARC view
Entry Topical Term
001 - CONTROL NUMBER
- control field: 14837
003 - CONTROL NUMBER IDENTIFIER
- control field: HDC
005 - DATE AND TIME OF LATEST TRANSACTION
- control field: 20230624073437.0
008 - FIXED-LENGTH DATA ELEMENTS
- fixed length control field: 210214|| aca||aabn | a|a d
040 ## - CATALOGING SOURCE
- Original cataloging agency: HDC
- Transcribing agency: HDC
150 ## - HEADING--TOPICAL TERM
- Topical term or geographic name entry element: plumbing system
670 ## - SOURCE DATA FOUND
- Source citation: Work cat.: (HDC): Wong, Weng Yew author 14836, The plumbing system in our body – Angiogenesis and cancer / by, 2007
